000 00428nam a2200157Ia 4500
005 20250311134113.0
008 231217s9999 xx 000 0 und d
020 _a9788178815909
082 _a378.071 NAT.2;2 R1
100 _aNatarajan, R
245 0 _aTechnical education : current status and future directions V.2
260 _c2005
_bICFAI Press
_aHyderabad
300 _axxviii, 229
650 _aICFAI
942 _cAA
999 _c181414
_d181414